Hagamos las paces Narrar la guerra desde el arte para construir la paz /

Detalles Bibliográficos
Autor principal: Estripeaut-Bourjac, Marie
Formato: eBook
Lenguaje:español
Publicado: Bogot:̀ Siglo del Hombre Editores, 2020
Materias:
Acceso en línea:Acceso restringido

MARC

LEADER 00000nam a22000007a 4500
005 20210506003617.0
007 cr|||| ||||
008 210506s2020 co |||||s|||| 00||0 spa d
020 |a 978-958-665-509-2 
035 |a 33256 
040 |a vLex 
090 |c 11617  |d 11617 
100 1 |a Estripeaut-Bourjac, Marie 
245 1 0 |a Hagamos las paces  |h [Recurso electrn̤ico] :  |b Narrar la guerra desde el arte para construir la paz /  |c Marie Estripeaut-Bourjac 
256 |a Servicio en ln̕ea 
260 |a Bogot:̀  |b Siglo del Hombre Editores,  |c 2020 
300 |a 1 recurso electrn̤ico 
500 |a Gozar de una Colombia en paz es, tal vez, uno de los pocos, acaso el n︢ico proyecto en comn︢ de los colombianos. El Acuerdo de paz firmado en 2016 inaugura un nuevo relato nacional en el que la paz es denuncia, propuesta e imaginacin̤ de vida que crea, inventa, controvierte e incomoda. En este libro, las artes documentan el hacer las paces en la Colombia del siglo xxi. Las diversas experiencias evocadas vislumbran va̕s inďitas de restauracin̤ de unos espr̕itus libres del odio y de la venganza mediante la desmovilizacin̤ cultural de los imaginarios. En lo simbl̤ico, las artes y las imagenes demuestran que hay miles de formas de hacer las paces. 
506 1 |a Disponible solo en los productos indicados  |d vLex Global  |d vLex Global (Academic Edition, excluding Law Schools)  |d vLex Global (U.S. Academic Edition, Law Schools)  |d vLex Global (U.S. Academic Edition, excluding Law Schools)  |d vLex Global (Academic Edition, Law Schools) 
650 0 4 |a Ciencias sociales  |z Colombia 
650 0 4 |a Humanidades  |z Colombia 
740 0 |a vLex Libros (Servicio en ln̕ea) 
856 4 0 |u https://vlex.com/source/hagamos-las-paces-narrar-la-guerra-desde-el-arte-para-construir-la-paz-33256  |z Acceso restringido 
942 |c BOOK 
999 0 |a Social Sciences 
999 0 |a Humanities